Geografía náutica de Chile
Сохранить в:
| Главные авторы: | , |
|---|---|
| Формат: | |
| Язык: | испанский |
| Опубликовано: |
Santiago
Camara Chilena de la Construcción
2013
Santiago Pontificia Universidad Católica de Chile 2013 |
| Редактирование: | 1a. ed |
| Серии: | Biblioteca Fundamentos de la Construcción de Chile, 45
|
| Предметы: | |
| Метки: |
Добавить метку
Нет меток, Требуется 1-ая метка записи!
|
MARC
| LEADER | 00000cam a2200000 a 4500 | ||
|---|---|---|---|
| 001 | UCE3591 | ||
| 003 | CL-VaPUC | ||
| 008 | 140911e20130000cl |||||||||||||||||spa|d | ||
| 020 | |a 9789568306083o.c | ||
| 020 | |a 9789569351044t.45 | ||
| 082 | 0 | 4 | |a 551.460983 |b VID |2 21 |
| 100 | 0 | |a Vidal Gormaz, Francisco |e author |9 507398 | |
| 700 | 0 | |a Couyoumdjian, Juan Ricardo |e author |9 576049 | |
| 245 | 1 | 0 | |a Geografía náutica de Chile |
| 250 | |a 1a. ed | ||
| 300 | |a 616 p | ||
| 942 | |c BK | ||
| 945 | |d 20140911 14:25:00 |a arojas | ||
| 260 | |a Santiago |b Camara Chilena de la Construcción |c 2013 | ||
| 260 | |a Santiago |b Pontificia Universidad Católica de Chile |c 2013 | ||
| 650 | 0 | |a Oceanografía |9 260014 | |
| 650 | 7 | |a GEOGRAFIA NAUTICA |2 CL-VaPUC |9 512339 | |
| 650 | 7 | |a HIDROSFERA |2 CL-VaPUC |9 407459 | |
| 651 | 7 | |a CHILE |2 CL-VaPUC |9 576050 | |
| 583 | |a last modification |c 20140911 14:25:00 |k Rodrigo Vera | ||
| 490 | 0 | |a Biblioteca Fundamentos de la Construcción de Chile, 45 | |
| 999 | |c 356803 |d 356801 | ||
| 952 | |0 0 |1 0 |2 ddc |3 erb |4 0 |6 551_460983000000000_VID_2013_2013 |7 0 |8 A |9 464535 |a BIBCUR |b BIBCUR |i 5113016 |l 1 |o 551.460983 VID 2013 2013 |p 5113016 |r 2025-04-22 |s 2024-08-22 |w 2019-11-23 |y BK |z Catalogado en:20140911 |k CIM | ||
| 952 | |0 0 |1 0 |3 erb |4 0 |6 551_460983000000000_VID_2013_2013 |7 0 |8 A |9 464536 |a BIBHIS |b BIBHIS |i 5408547 |l 1 |o 551.460983 VID 2013 2013 |p 5408547 |r 2025-01-20 |s 2024-10-29 |w 2019-11-23 |y BK |z Catalogado en:20170713 |k HIS | ||